| 000 | 00730nam a2200253Ia 4500 | ||
|---|---|---|---|
| 005 | 20250425162543.0 | ||
| 008 | 250425s9999 xx 000 0 und d | ||
| 020 | _a0471862061 | ||
| 041 | _aeng | ||
| 043 | _axxu | ||
| 082 |
_a621.31 _pGRO |
||
| 100 | _aGross, Charles A. | ||
| 245 | 0 |
_aPower Systems Analysis _cCharles A. Gross |
|
| 250 | _aSegunda ed. | ||
| 260 |
_aEstados Unidos _bJohn Wiley & Sons _c1986 |
||
| 300 |
_a593 p. _bIlustrado _c24 cm |
||
| 500 | _aIncluye tabla de contenido, índice | ||
| 650 | _aAnálisis de sistemas eléctricos | ||
| 650 | _aSistema de energía eléctrica | ||
| 650 | _aTransmisión de energía eléctrica | ||
| 902 |
_aMonográfico _cImpreso |
||
| 942 | _c01 | ||
| 010 | _a85205 | ||
| 999 |
_c231610 _d231610 |
||